|
|
|
|
| LEADER |
01290nam a2200361Ia 4500 |
| 001 |
EBC254001 |
| 003 |
MiAaPQ |
| 005 |
20200520144314.0 |
| 006 |
m o d | |
| 007 |
cr cn||||||||| |
| 008 |
000815s2005 enk s 000 0 eng d |
| 020 |
|
|
|z 9781845447984
|
| 020 |
|
|
|z 1845447972
|
| 035 |
|
|
|a (MiAaPQ)EBC254001
|
| 035 |
|
|
|a (Au-PeEL)EBL254001
|
| 035 |
|
|
|a (CaPaEBR)ebr10103398
|
| 035 |
|
|
|a (CaONFJC)MIL50956
|
| 035 |
|
|
|a (OCoLC)133166800
|
| 040 |
|
|
|a MiAaPQ
|c MiAaPQ
|d MiAaPQ
|
| 050 |
|
4 |
|a HF5381
|b .M46 2005
|
| 082 |
0 |
4 |
|a 658.3/124
|2 22
|
| 245 |
0 |
0 |
|a Mentoring and career development
|h [electronic resource] /
|c guest editors S. Gayle Baugh and Sherry E. Sullivan.
|
| 260 |
|
|
|a Bradford, England :
|b Emerald Group Publishing,
|c c2005.
|
| 300 |
|
|
|a 169 p.
|
| 490 |
0 |
|
|a Career development international ;
|v v.10, no. 6/7
|
| 533 |
|
|
|a Electronic reproduction. Ann Arbor, MI : ProQuest, 2015. Available via World Wide Web. Access may be limited to ProQuest affiliated libraries.
|
| 650 |
|
0 |
|a Career development.
|
| 650 |
|
0 |
|a Training.
|
| 655 |
|
4 |
|a Electronic books.
|
| 700 |
1 |
|
|a Baugh, S. Gayle.
|
| 700 |
1 |
|
|a Sullivan, Sherry E.
|
| 710 |
2 |
|
|a ProQuest (Firm)
|
| 856 |
4 |
0 |
|u https://ebookcentral.proquest.com/lib/matrademy/detail.action?docID=254001
|z Click to View
|